Essays (Record no. 230782)
[ view plain ]
| 000 -LEADER | |
|---|---|
| fixed length control field | 01745cam a22002413a 4500 |
| 001 - CONTROL NUMBER | |
| control field | 1434 |
| 003 - CONTROL NUMBER IDENTIFIER | |
| control field | PGUSA |
| 005 - DATE AND TIME OF LATEST TRANSACTION | |
| control field | 20140828083001.0 |
| 008 - FIXED-LENGTH DATA ELEMENTS--GENERAL INFORMATION | |
| fixed length control field | 980801s1998||||xxu|||||s|||||000 e eng d |
| 040 ## - CATALOGING SOURCE | |
| Original cataloging agency | PGUSA |
| Language of cataloging | eng |
| 042 ## - AUTHENTICATION CODE | |
| Authentication code | dc |
| 050 #4 - LIBRARY OF CONGRESS CALL NUMBER | |
| Classification number | PR |
| 100 1# - MAIN ENTRY--PERSONAL NAME | |
| Personal name | Meynell, Alice, |
| Dates associated with a name | 1847-1922 |
| 245 10 - TITLE STATEMENT | |
| Title | Essays |
| Medium | [electronic resource] / |
| Statement of responsibility, etc | Alice Meynell |
| 260 ## - PUBLICATION, DISTRIBUTION, ETC. (IMPRINT) | |
| Name of publisher, distributor, etc | Project Gutenberg, |
| Date of publication, distribution, etc | 1998 |
| 505 0# - FORMATTED CONTENTS NOTE | |
| Formatted contents note | WINDS AND WATERS: Ceres' Runaway -- Wells -- Rain -- The Tow Path -- The Tethered Constellations -- Rushes and Reeds -- IN A BOOK ROOM: A Northern Fancy -- Pathos -- Anima Pellegrina! -- A Point of Biography -- The Honours of Mortality -- Composure -- The Little Language -- A Counterchange -- Harlequin Mercutio -- COMMENTARIES: Laughter -- The Rhythm of Life -- Domus Angusta -- Innocence and Experience -- The Hours of Sleep -- Solitude -- Decivilized -- WAYFARING: The Spirit of Place -- Popular Burlesque -- Have Patience, Little Saint -- At Monastery Gates -- The Sea Wall -- ARTS: Tithonus -- Symmetry and Incident -- The Plaid -- The Flower -- Unstable Equilibrium -- Victorian Caricature -- The Point of Honour -- THE CHEARFUL LADIE OF THE LIGHT: The Colour of Life -- The Horizon -- In July -- Cloud -- Shadows -- WOMEN AND BOOKS: The Seventeenth Century -- Mrs. Dingley -- Prue -- Mrs. Johnson -- Madame Roland -- THE DARLING YOUNG: Fellow Travellers with a Bird -- The Child of Tumult -- The Child of Subsiding Tumult -- The Unready -- That Pretty Person -- Under the Early Stars -- The Illusion of Historic Time. |
| 506 ## - RESTRICTIONS ON ACCESS NOTE | |
| Terms governing access | Public domain in the USA. |
| 516 ## - TYPE OF COMPUTER FILE OR DATA NOTE | |
| Type of computer file or data note | Electronic text |
| 653 ## - INDEX TERM--UNCONTROLLED | |
| Uncontrolled term | English essays |
| 830 #0 - SERIES ADDED ENTRY--UNIFORM TITLE | |
| Uniform title | Project Gutenberg |
| Volume number/sequential designation | 1434 |
| 856 40 - ELECTRONIC LOCATION AND ACCESS | |
| Uniform Resource Identifier | <a href="http://www.gutenberg.org/ebooks/1434">http://www.gutenberg.org/ebooks/1434</a> |
| 942 ## - ADDED ENTRY ELEMENTS (KOHA) | |
| Koha item type | eBooks |
| Withdrawn status | Lost status | Damaged status | Home library | Current library | Date acquired | Total Checkouts | Date last seen | Price effective from | Koha item type |
|---|---|---|---|---|---|---|---|---|---|
| Project Gutenberg | Project Gutenberg | 08/28/2014 | 08/28/2014 | 08/28/2014 | eBooks |